<?xml version="1.0" encoding="UTF-8"?>
<marc:record xmlns:marc="http://www.loc.gov/MARC21/slim">
   <marc:leader>00000nam a2200000 a 4500</marc:leader>
   <marc:datafield ind1="1" ind2=" " tag="100">
      <marc:subfield code="a">Tashiro, Chisato</marc:subfield>
      <marc:subfield code="4">aut</marc:subfield>
      <marc:subfield code="e">Verfasser/-in</marc:subfield>
   </marc:datafield>
   <marc:datafield ind1="1" ind2=" " tag="100">
      <marc:subfield code="a">Raecke, Renate</marc:subfield>
   </marc:datafield>
   <marc:datafield ind1=" " ind2=" " tag="653">
      <marc:subfield code="a">Musik</marc:subfield>
   </marc:datafield>
   <marc:datafield ind1=" " ind2=" " tag="653">
      <marc:subfield code="a">Mäuse</marc:subfield>
   </marc:datafield>
   <marc:datafield ind1=" " ind2=" " tag="653">
      <marc:subfield code="a">Tiergeschichten</marc:subfield>
   </marc:datafield>
   <marc:datafield ind1="0" ind2="0" tag="245">
      <marc:subfield code="a">Fünf freche Mäuse machen Musik</marc:subfield>
   </marc:datafield>
   <marc:datafield ind1="0" ind2="0" tag="245">
      <marc:subfield code="c">Chisato Tashiro. Aus dem Japan. von Sayako Uchida. Dt. Textfassung von Renate Raecke</marc:subfield>
   </marc:datafield>
   <marc:datafield ind1=" " ind2="1" tag="264">
      <marc:subfield code="a">Kiel</marc:subfield>
      <marc:subfield code="b">Neugebauer Verl.</marc:subfield>
      <marc:subfield code="c">2010</marc:subfield>
   </marc:datafield>
   <marc:datafield ind1="1" ind2=" " tag="520">
      <marc:subfield code="a">Fünf kleine Mäuse saßen bei Vollmond in ihrem Keller. Aus der Ferne hörten sie Musik, die sie noch nie zuvor gehört hatten. Neugierig machen sie sich auf den Weg, um herauszufinden, woher sie kommt. Sie entdecken ein Froschkonzert, exklusiv für Frösche. Etwas Schöneres hatten sie nie gehört. Sie beschließen, selber auch ein Konzert zu geben,- exklusiv für Mäuse versteht sich. Mit Leib und Seele sind sie am Abend der Vorstellung bei der Sache und merken gar nicht, wer da sonst im Publikum sitzt. Erst als sie glücklich den Applaus entgegennehmen, finden sie es heraus und geben eine ganz besondere Zugabe... &lt;br/&gt;</marc:subfield>
   </marc:datafield>
   <marc:datafield ind1=" " ind2=" " tag="020">
      <marc:subfield code="a">9783865660589</marc:subfield>
      <marc:subfield code="9">9783865660589</marc:subfield>
   </marc:datafield>
   <marc:datafield ind1=" " ind2=" " tag="041">
      <marc:subfield code="a">ger</marc:subfield>
   </marc:datafield>
</marc:record>
